| 000 | 01374cam a2200301 i 4500 | ||
|---|---|---|---|
| 003 | SA-RiAUC | ||
| 005 | 20241119131457.0 | ||
| 008 | 241114s2003 su g 001 0 ara c | ||
| 040 |
_aSA-RiAUC _bara _cSA-RiAUC _erda |
||
| 082 | 0 | 4 | _a235.2 |
| 090 |
_a235.2 _bا م ا |
||
| 245 | 0 | 0 |
_aصحيح مسلم بشرح النووي : _bموافق للمعجم المفهرس لألفاظ الحديث / _cراجعة وظبطه وقابلة مجموعه من طلبة العلم بإشراف حسن عباس قطب. |
| 250 | _aالطبعة الأولى. | ||
| 264 | 1 |
_aالرياض : _bدار عالم الكتب، _c2003 |
|
| 300 |
_a10 مجلد ؛ _c24 سم |
||
| 336 |
_aنص _btxt _2rdacontent _3كتاب |
||
| 337 |
_aبدون وسيط _bn _2rdamedia |
||
| 338 |
_aمجلد _bnc _2rdacarrier |
||
| 505 | 1 | _aالمحتويات : مجلد 1. تعريف للإمام مسلم والإمام النووي- مجلد 10. كشاف الأحاديث. | |
| 650 | 7 |
_aالحديث _xشرح. _2aucsh |
|
| 700 | 1 |
_aقطب، حسن عباس _eمشرف. |
|
| 700 | 1 |
_aالنووي، يحيى بن شرف بن مري، _d631-676 هجري |
|
| 700 | 1 | 2 |
_aالإمام مسلم، مسلم بن الحجاج بن مسلم، _d204-261 هجري |
| 740 | 0 | 2 | _aشرح النووي. |
| 740 | 2 | 2 | _aالجامع الصحيح. |
| 942 |
_2ddc _cBOOK _n0 |
||
| 949 |
_aSA-JeALM _d241114 _umohamedma123 _n1 |
||
| 999 |
_c2519 _d2519 |
||